000 00383cam a2200157ua 4500
041 _aeng
_h
082 _a828.09
_bGAS/TW
100 _aGascoigne, Banber .
245 _aTwentieth century drama /
_cBanber Gascoigne.
_hTextual Documents
250 _a1 /
_b.
260 _aLondon :
_bHutchinson ,
_c1967.
300 _a216 ; .
504 _a
942 _cBK
999 _c6822
_d6822